El delito de autocapacitacin̤ terrorista (art. 575.2 CP)

Bibliographic Details
Main Author: Gonzl̀ez Vaz, Carmen
Format: eBook
Language:Spanish
Published: Barcelona: J.M. Bosch Editor, 2021
Subjects:
Online Access:Acceso restringido

MARC

LEADER 00000nam a22000007a 4500
005 20220511000548.0
007 cr|||| ||||
008 220511s2021 ea |||||s|||| 00||0 spa d
020 |a 978-84-123503-9-5 
035 |a 35639 
040 |a vLex 
090 |c 13319  |d 13319 
100 1 |a Gonzl̀ez Vaz, Carmen 
245 1 2 |a El delito de autocapacitacin̤ terrorista (art. 575.2 CP)  |h [Recurso electrn̤ico] /  |c Carmen Gonzl̀ez Vaz 
256 |a Servicio en ln̕ea 
260 |a Barcelona:  |b J.M. Bosch Editor,  |c 2021 
300 |a 1 recurso electrn̤ico 
500 |a El nuevo terrorismo de DAESH ha trad̕o consigo un nuevo modus operandi, el cual ha obligado a la comunidad internacional en general y a los Estados en particular, a adaptar sus ordenamientos jurd̕icos para combatirlo. Uno de estos cambios se ha visto inspirado en la prevencin̤ de los llamados ±lobos solitarios» o ±terroristas autn̤omos», enfocado principalmente en el proceso de radicalizacin̤. Es as ̕como, en 2015, la LO 2/2015 de 23 de noviembre introduce en el Cd̤igo Penal espaǫl el polm̌ico tipo delictivo conocido como ±delito de autoadoctrinamiento terrorista» en su artc̕ulo 575.2 CP. La doctrina cientf̕ica ha denunciado la peligrosidad que supone este delito para el Derecho Penal de garanta̕s, llegando a afirmar que se trata una manifestacin̤ del Derecho Penal de Autor, identificǹdose con un Derecho Penal simbl̤ico y destacando por su adelantamiento injustificado de las barreras de punibilidad y; por ende, afirmǹdose como un Derecho Penal del Enemigo. Esta obra trata de analizar el tipo objetivo y subjetivo del delito de ±autoadoctrinamiento» terrorista, dando respuesta a su compatibilidad con el Estado de Derecho, sus principios polt̕ico-criminales, los Derechos Fundamentales y las Libertades Pb︢licas. A partir de este estudio, se pondrǹ de manifiesto los principales problemas que acarrea dicho tipo delictivo y las consecuencias que supone la doctrina judicial y cientf̕ica que se ha adoptado. 
506 1 |a Disponible solo en los productos indicados  |d vLex Global  |d vLex Global (Academic Edition, excluding Law Schools)  |d vLex Global (U.S. Academic Edition, Law Schools)  |d vLex Global (U.S. Academic Edition, excluding Law Schools)  |d vLex Global (Academic Edition, Law Schools) 
650 0 4 |a Derecho Penal  |z Espaą 
650 0 4 |a Derecho Internacional  |z Espaą 
740 0 |a vLex Libros (Servicio en ln̕ea) 
856 4 0 |u https://app.vlex.com/#/sources/35639  |z Acceso restringido 
942 |c BOOK 
999 0 |a Criminal Law 
999 0 |a International Law